000 00812nam a2200229 a 4500
001 48441
003 BD-RjUL
005 20211209054527.0
008 160814s1980 BG ||||| |||| 00| 0 ben d
020 _c:TK. 10.00
035 _a(BD-RjUL)48560
040 _aBD-RjUL
_bben
_cBD-RjUL
041 _aben
082 _223
_a891.441
_bATA 1980
100 1 _aআতীকুল্লাহ, সাইয়িদ
_9146439
245 1 0 _aআঁধির যতো শত্রুমিত্র /
_cসাইয়িদ আতীকুল্লাহ
260 _aঢাকা :
_bসন্ধানী প্রকাশনী,
_c১৯৮০
300 _a৭৩ পৃ ;
_c২১ সেমি.
650 _aবাংলা
_vকবিতা
_9146440
650 _aBengali
_vPoetry
_9146441
942 _2ddc
_cBK
999 _c48441
_d48441